Countries Without Rivers - Statistics

General Stats
  • This quiz has been taken 113 times
  • The average score is 10 of 18
Answer Stats
Countries % Correct
Vatican City
78%
Monaco
72%
Nauru
70%
Tuvalu
64%
Yemen
56%
Kiribati
55%
Marshall Islands
55%
Qatar
54%
Oman
52%
Bahrain
50%
Saudi Arabia
50%
Tonga
50%
Maldives
49%
United Arab Emirates
48%
Kuwait
47%
Malta
42%
Bahamas
40%
Comoros
35%
No matching quizzes found
Score Distribution
Percent of People with Each Score
Percentile by Number Answered
Your Score History
You have not taken this quiz